[Event "World Team Chess Championship"]
[Site "Khanty-Mansiysk, RUS."]
[Date "2017.06.24"]
[Round "7.4"]
[White "Fedorov Alexei (BLR)"]
[Black "Abdelnabbi Imed (EGY)"]
[Result "1-0"]
[BlackElo "2428"]
[WhiteElo "2598"]
[LiveChessVersion "1.4.8"]

1. e4 {[%clk 1:30:56]} e5 {[%clk 1:30:54]} 2. Nf3 {[%clk 1:31:17]} Nc6
{[%clk 1:31:19]} 3. Bc4 {[%clk 1:30:19]} Bc5 {[%clk 1:31:34]} 4. c3
{[%clk 1:29:33]} Nf6 {[%clk 1:31:16]} 5. d3 {[%clk 1:29:09]} d6 {[%clk 1:30:33]}
6. b4 {[%clk 1:25:40]} Bb6 {[%clk 1:30:55]} 7. a4 {[%clk 1:26:01]} a6
{[%clk 1:30:31]} 8. O-O {[%clk 1:25:59]} Qe7 {[%clk 1:25:50]} 9. Na3
{[%clk 1:25:08]} a5 {[%clk 1:22:59]} 10. b5 {[%clk 1:22:57]} Nb8 {[%clk 1:23:10]}
11. Ba2 {[%clk 1:20:58]} Be6 {[%clk 1:21:00]} 12. Nc4 {[%clk 1:19:49]} Nbd7
{[%clk 1:20:18]} 13. Ng5 {[%clk 1:18:01]} Bxc4 {[%clk 1:17:01]} 14. Bxc4
{[%clk 1:18:21]} O-O {[%clk 1:17:25]} 15. Ra2 {[%clk 1:09:58]} c6
{[%clk 1:17:01]} 16. Re2 {[%clk 1:09:36]} d5 {[%clk 1:17:02]} 17. exd5
{[%clk 1:07:46]} cxd5 {[%clk 1:17:24]} 18. Ba2 {[%clk 1:08:04]} Rac8
{[%clk 1:12:26]} 19. d4 {[%clk 0:58:16]} e4 {[%clk 1:11:53]} 20. Qb3
{[%clk 0:57:52]} Bc7 {[%clk 1:11:45]} 21. f3 {[%clk 0:54:02]} Qd6
{[%clk 1:00:38]} 22. g3 {[%clk 0:53:12]} exf3 {[%clk 1:00:58]} 23. Rxf3
{[%clk 0:48:43]} Rfe8 {[%clk 1:00:59]} 24. Ba3 {[%clk 0:33:14]} Qb6
{[%clk 1:00:54]} 25. Ref2 {[%clk 0:32:06]} Re1+ {[%clk 0:54:38]} 26. Kg2
{[%clk 0:32:17]} Bd6 {[%clk 0:54:16]} 27. Rxf6 {[%clk 0:27:22]} Nxf6
{[%clk 0:52:08]} 28. Rxf6 {[%clk 0:27:44]} gxf6 {[%clk 0:50:55]} 29. Qxd5
{[%clk 0:27:58]} Re6 {[%clk 0:47:05]} 30. Nxe6 {[%clk 0:26:22]} Bxa3
{[%clk 0:47:25]} 31. Qf5 {[%clk 0:26:23]} Bf8 {[%clk 0:45:03]} 32. Bb1
{[%clk 0:25:57]} 1-0

[Event "World Team Chess Championship"]
[Site "Khanty-Mansiysk, RUS."]
[Date "2017.06.24"]
[Round "7.5"]
[White "Solak Dragan (TUR)"]
[Black "Shankland Samuel L (USA)"]
[Result "1/2-1/2"]
[BlackElo "2676"]
[WhiteElo "2641"]
[LiveChessVersion "1.4.8"]

1. e4 {[%clk 1:30:57]} e6 {[%clk 1:30:50]} 2. d4 {[%clk 1:31:18]} d5
{[%clk 1:31:15]} 3. Nd2 {[%clk 1:30:30]} c5 {[%clk 1:31:38]} 4. Ngf3
{[%clk 1:30:18]} cxd4 {[%clk 1:31:50]} 5. Nxd4 {[%clk 1:30:20]} Nc6
{[%clk 1:32:15]} 6. Bb5 {[%clk 1:30:19]} Bd7 {[%clk 1:32:41]} 7. Nxc6
{[%clk 1:30:39]} bxc6 {[%clk 1:33:06]} 8. Bd3 {[%clk 1:31:04]} Bd6
{[%clk 1:33:26]} 9. Qe2 {[%clk 1:27:36]} Ne7 {[%clk 1:33:15]} 10. Nf3
{[%clk 1:25:12]} Ng6 {[%clk 1:33:15]} 11. O-O {[%clk 1:24:50]} Nf4
{[%clk 1:33:32]} 12. Bxf4 {[%clk 1:24:44]} Bxf4 {[%clk 1:33:57]} 13. c4
{[%clk 1:24:00]} O-O {[%clk 1:34:21]} 14. exd5 {[%clk 1:14:24]} 1/2-1/2

[Event "World Team Chess Championship"]
[Site "Khanty-Mansiysk, RUS."]
[Date "2017.06.24"]
[Round "7.6"]
[White "Onischuk Alexander (USA)"]
[Black "Yilmaz Mustafa (TUR)"]
[Result "1-0"]
[BlackElo "2630"]
[WhiteElo "2685"]
[LiveChessVersion "1.4.8"]

1. d4 {[%clk 1:30:57]} Nf6 {[%clk 1:30:52]} 2. c4 {[%clk 1:31:21]} e6
{[%clk 1:31:18]} 3. Nc3 {[%clk 1:31:31]} d5 {[%clk 1:31:42]} 4. cxd5
{[%clk 1:30:39]} exd5 {[%clk 1:31:37]} 5. Bg5 {[%clk 1:31:00]} c6
{[%clk 1:32:35]} 6. e3 {[%clk 1:31:18]} Be7 {[%clk 1:32:58]} 7. Bd3
{[%clk 1:30:28]} Nbd7 {[%clk 1:33:23]} 8. Nf3 {[%clk 1:29:30]} Ne4
{[%clk 1:31:48]} 9. Bf4 {[%clk 1:28:07]} Ndf6 {[%clk 1:32:12]} 10. Qc2
{[%clk 1:27:12]} O-O {[%clk 1:32:11]} 11. Ne5 {[%clk 1:23:16]} Nxc3
{[%clk 1:25:01]} 12. bxc3 {[%clk 1:18:15]} c5 {[%clk 1:24:29]} 13. O-O
{[%clk 1:18:05]} c4 {[%clk 1:22:42]} 14. Be2 {[%clk 1:18:18]} Ne4
{[%clk 1:22:06]} 15. f3 {[%clk 1:06:23]} Nd6 {[%clk 1:22:32]} 16. e4
{[%clk 1:05:10]} Be6 {[%clk 1:19:14]} 17. Rae1 {[%clk 1:00:40]} Rc8
{[%clk 1:11:30]} 18. h3 {[%clk 0:54:22]} Bh4 {[%clk 1:02:26]} 19. Rb1
{[%clk 0:48:03]} Re8 {[%clk 0:55:01]} 20. Ng4 {[%clk 0:40:11]} dxe4
{[%clk 0:45:01]} 21. Bxd6 {[%clk 0:28:43]} exf3 {[%clk 0:39:30]} 22. Bxf3
{[%clk 0:28:07]} Qxd6 {[%clk 0:39:56]} 23. Rxb7 {[%clk 0:27:22]} Bd8
{[%clk 0:35:57]} 24. Ne5 {[%clk 0:24:20]} Bb6 {[%clk 0:30:06]} 25. Kh1
{[%clk 0:20:26]} Rc7 {[%clk 0:27:10]} 26. Rxc7 {[%clk 0:16:26]} Bxc7
{[%clk 0:26:41]} 27. Be4 {[%clk 0:16:35]} g6 {[%clk 0:23:51]} 28. Qa4
{[%clk 0:14:51]} Re7 {[%clk 0:21:46]} 29. Qc6 {[%clk 0:09:29]} Qd8
{[%clk 0:21:26]} 30. Qc5 {[%clk 0:07:45]} Re8 {[%clk 0:13:34]} 31. Bc6
{[%clk 0:07:09]} Rf8 {[%clk 0:12:04]} 32. Qxa7 {[%clk 0:04:43]} Qd6
{[%clk 0:11:06]} 33. Bb7 {[%clk 0:01:37]} f6 {[%clk 0:06:08]} 34. Nf3
{[%clk 0:02:00]} Rb8 {[%clk 0:04:27]} 35. a4 {[%clk 0:01:05]} Qd7
{[%clk 0:02:01]} 36. Qa6 {[%clk 0:01:01]} Bf4 {[%clk 0:00:37]} 37. Bc6
{[%clk 0:01:04]} Qc7 {[%clk 0:00:46]} 38. d5 {[%clk 0:00:57]} Bf5
{[%clk 0:00:35]} 39. Qxc4 {[%clk 0:01:16]} Qd6 {[%clk 0:00:34]} 40. Nd4
{[%clk 0:31:10]} Be4 {[%clk 0:30:32]} 41. Nb5 {[%clk 0:28:45]} Rxb5
{[%clk 0:27:40]} 42. Qxe4 {[%clk 0:28:33]} 1-0

[Event "World Team Chess Championship"]
[Site "Khanty-Mansiysk, RUS."]
[Date "2017.06.24"]
[Round "7.7"]
[White "Can Emre (TUR)"]
[Black "Robson Ray (USA)"]
[Result "0-1"]
[BlackElo "2656"]
[WhiteElo "2589"]
[LiveChessVersion "1.4.8"]

1. d4 {[%clk 1:30:51]} Nf6 {[%clk 1:30:40]} 2. c4 {[%clk 1:30:57]} e6
{[%clk 1:30:41]} 3. Nf3 {[%clk 1:31:03]} d5 {[%clk 1:30:43]} 4. g3
{[%clk 1:31:14]} Bb4+ {[%clk 1:30:35]} 5. Bd2 {[%clk 1:31:21]} Be7
{[%clk 1:30:40]} 6. Bg2 {[%clk 1:31:20]} O-O {[%clk 1:30:37]} 7. O-O
{[%clk 1:31:00]} Nbd7 {[%clk 1:30:07]} 8. Qc2 {[%clk 1:30:49]} Ne4
{[%clk 1:29:27]} 9. Bf4 {[%clk 1:28:28]} c6 {[%clk 1:27:51]} 10. Nbd2
{[%clk 1:28:11]} g5 {[%clk 1:18:04]} 11. Be3 {[%clk 1:26:29]} Nd6
{[%clk 1:13:04]} 12. cxd5 {[%clk 1:15:31]} cxd5 {[%clk 1:07:46]} 13. Nb3
{[%clk 1:12:16]} b6 {[%clk 1:02:15]} 14. Ne5 {[%clk 1:05:06]} Ba6
{[%clk 0:55:38]} 15. Nc6 {[%clk 0:53:08]} Rc8 {[%clk 0:53:56]} 16. Nxe7+
{[%clk 0:52:58]} Qxe7 {[%clk 0:54:14]} 17. Qd1 {[%clk 0:53:19]} f5
{[%clk 0:33:21]} 18. Bd2 {[%clk 0:50:50]} Nc4 {[%clk 0:31:34]} 19. Bc3
{[%clk 0:49:13]} f4 {[%clk 0:28:37]} 20. Nc1 {[%clk 0:43:43]} Rf6
{[%clk 0:16:16]} 21. Nd3 {[%clk 0:42:32]} fxg3 {[%clk 0:14:08]} 22. hxg3
{[%clk 0:42:06]} Rh6 {[%clk 0:13:55]} 23. e3 {[%clk 0:35:34]} Nf6
{[%clk 0:11:16]} 24. Bb4 {[%clk 0:33:00]} Qe8 {[%clk 0:06:58]} 25. b3
{[%clk 0:24:55]} Nd2 {[%clk 0:00:58]} 26. Qxd2 {[%clk 0:17:41]} Qh5
{[%clk 0:01:25]} 27. f3 {[%clk 0:16:32]} g4 {[%clk 0:01:01]} 28. Nf4
{[%clk 0:10:31]} Qh2+ {[%clk 0:01:17]} 29. Kf2 {[%clk 0:10:59]} gxf3
{[%clk 0:00:40]} 30. Kxf3 {[%clk 0:11:23]} Ne4 {[%clk 0:00:53]} 31. Qe1
{[%clk 0:11:46]} Bxf1 32. Bxf1 {[%clk 0:10:33]} Kf7 {[%clk 0:00:33]} 33. Bg2
{[%clk 0:08:49]} Rc2 {[%clk 0:00:33]} 34. Rc1 {[%clk 0:08:59]} Rxg2
{[%clk 0:00:33]} 35. Nxg2 {[%clk 0:07:21]} Rf6+ {[%clk 0:00:32]} 36. Nf4
{[%clk 0:07:03]} h5 {[%clk 0:00:37]} 37. Rc7+ {[%clk 0:06:51]} Kg8
{[%clk 0:01:02]} 38. Rc8+ {[%clk 0:07:07]} Kh7 {[%clk 0:01:28]} 39. Qb1
{[%clk 0:07:31]} Qf2# 0-1

[Event "World Team Chess Championship"]
[Site "Khanty-Mansiysk, RUS."]
[Date "2017.06.24"]
[Round "7.8"]
[White "Xiong Jeffery (USA)"]
[Black "Sanal Vahap (TUR)"]
[Result "1/2-1/2"]
[BlackElo "2533"]
[WhiteElo "2658"]
[LiveChessVersion "1.4.8"]

1. d4 {[%clk 1:30:53]} Nf6 {[%clk 1:30:38]} 2. c4 {[%clk 1:31:15]} e6
{[%clk 1:31:03]} 3. Nf3 {[%clk 1:31:40]} b6 {[%clk 1:31:22]} 4. g3
{[%clk 1:32:05]} Bb7 {[%clk 1:31:09]} 5. Bg2 {[%clk 1:32:28]} Be7
{[%clk 1:31:25]} 6. O-O {[%clk 1:32:51]} O-O {[%clk 1:31:51]} 7. Re1
{[%clk 1:33:16]} Na6 {[%clk 1:32:04]} 8. Nc3 {[%clk 1:33:41]} Ne4
{[%clk 1:31:36]} 9. Bf4 {[%clk 1:34:05]} c5 {[%clk 1:23:34]} 10. d5
{[%clk 1:33:47]} Nxc3 {[%clk 1:21:06]} 11. bxc3 {[%clk 1:34:14]} d6
{[%clk 1:13:41]} 12. e4 {[%clk 1:34:26]} e5 {[%clk 1:13:20]} 13. Be3
{[%clk 1:34:51]} Nc7 {[%clk 1:13:22]} 14. Nd2 {[%clk 1:32:45]} Bg5
{[%clk 1:06:31]} 15. f4 {[%clk 1:32:04]} Bh6 {[%clk 1:06:34]} 16. a4
{[%clk 1:25:54]} Bc8 {[%clk 1:03:13]} 17. Qf3 {[%clk 1:19:06]} Bd7
{[%clk 1:01:26]} 18. Bf1 {[%clk 1:10:41]} Kh8 {[%clk 0:46:40]} 19. Kh1
{[%clk 0:55:24]} Ne8 {[%clk 0:40:09]} 20. f5 {[%clk 0:40:03]} Bxe3
{[%clk 0:39:55]} 21. Qxe3 {[%clk 0:40:31]} g5 {[%clk 0:38:38]} 22. Be2
{[%clk 0:37:05]} Rg8 {[%clk 0:38:48]} 23. Rg1 {[%clk 0:36:06]} Nf6
{[%clk 0:32:03]} 24. h4 {[%clk 0:35:49]} g4 {[%clk 0:29:02]} 25. a5
{[%clk 0:31:48]} bxa5 {[%clk 0:25:07]} 26. Ra2 {[%clk 0:30:31]} Kg7
{[%clk 0:22:17]} 27. Qg5+ {[%clk 0:30:01]} Kf8 {[%clk 0:22:19]} 28. Qh6+
{[%clk 0:27:53]} Ke7 {[%clk 0:22:33]} 29. Rga1 {[%clk 0:27:34]} Qc7
{[%clk 0:21:01]} 30. Rxa5 {[%clk 0:27:45]} Rgb8 {[%clk 0:20:58]} 31. Qe3
{[%clk 0:22:51]} Rb6 {[%clk 0:19:19]} 32. Bd1 {[%clk 0:20:16]} Qb7
{[%clk 0:14:20]} 33. R5a3 {[%clk 0:15:20]} a5 {[%clk 0:08:09]} 34. Kg1
{[%clk 0:09:40]} a4 {[%clk 0:06:59]} 35. Kf1 {[%clk 0:09:41]} Ra7
{[%clk 0:05:42]} 36. Ke1 {[%clk 0:09:42]} Rb2 {[%clk 0:05:29]} 37. Qd3
{[%clk 0:09:05]} h5 {[%clk 0:04:24]} 38. Bc2 {[%clk 0:09:02]} Qa8
{[%clk 0:03:59]} 39. Kd1 {[%clk 0:07:54]} Rb6 {[%clk 0:03:28]} 40. Kc1
{[%clk 0:35:54]} Rba6 {[%clk 0:32:44]} 41. Nf1 {[%clk 0:33:05]} Ra5
{[%clk 0:31:50]} 42. Ne3 {[%clk 0:33:07]} Be8 {[%clk 0:31:23]} 43. Qd2
{[%clk 0:31:39]} Bd7 {[%clk 0:31:10]} 44. Nd1 {[%clk 0:31:45]} Rb7
{[%clk 0:30:15]} 45. Nb2 {[%clk 0:29:25]} Qb8 {[%clk 0:28:33]} 46. Nd1
{[%clk 0:23:50]} Rb6 {[%clk 0:28:06]} 47. Qg5 {[%clk 0:23:37]} Ra7
{[%clk 0:27:54]} 48. Kd2 {[%clk 0:22:03]} Qb7 {[%clk 0:24:06]} 49. Qe3
{[%clk 0:19:26]} Qa6 {[%clk 0:24:04]} 50. Qe2 {[%clk 0:19:10]} Rab7
{[%clk 0:20:53]} 51. Qd3 {[%clk 0:17:15]} Qa8 {[%clk 0:20:11]} 52. Qe3
{[%clk 0:17:07]} Ra7 {[%clk 0:17:06]} 53. Nf2 {[%clk 0:17:03]} Ra5
{[%clk 0:16:44]} 54. R1a2 {[%clk 0:15:27]} Qa6 {[%clk 0:16:54]} 55. Qd3
{[%clk 0:15:20]} Rb7 {[%clk 0:13:46]} 56. Nd1 {[%clk 0:11:57]} Qa7
{[%clk 0:12:03]} 57. Qf1 {[%clk 0:11:05]} Qb8 {[%clk 0:12:07]} 58. Nf2
{[%clk 0:11:20]} Rb2 {[%clk 0:11:05]} 59. Rxb2 {[%clk 0:09:30]} Qxb2
{[%clk 0:11:23]} 60. Qc1 {[%clk 0:09:49]} Qb8 {[%clk 0:11:21]} 61. Nd1
{[%clk 0:09:42]} Ra6 {[%clk 0:06:39]} 62. Nb2 {[%clk 0:10:10]} Be8
{[%clk 0:05:58]} 63. Qa1 {[%clk 0:09:37]} Nd7 {[%clk 0:05:27]} 64. Rxa4
{[%clk 0:09:04]} Rxa4 {[%clk 0:05:33]} 65. Bxa4 {[%clk 0:09:06]} Qa7
{[%clk 0:05:49]} 66. Qb1 {[%clk 0:07:05]} Nf6 {[%clk 0:06:03]} 67. Bxe8
{[%clk 0:06:40]} Kxe8 {[%clk 0:06:29]} 68. Nd1 {[%clk 0:06:38]} Ke7
{[%clk 0:06:46]} 69. Ne3 {[%clk 0:07:03]} Qa6 {[%clk 0:06:30]} 70. Kd3
{[%clk 0:07:21]} Qa7 {[%clk 0:06:47]} 71. Nc2 {[%clk 0:06:57]} Qc7
{[%clk 0:06:53]} 72. Qb5 {[%clk 0:07:09]} Qa7 {[%clk 0:07:16]} 73. Qc6
{[%clk 0:07:00]} Qd7 {[%clk 0:07:21]} 74. Na3 {[%clk 0:05:26]} Qd8
{[%clk 0:05:06]} 75. Nb5 {[%clk 0:05:52]} Ne8 {[%clk 0:05:25]} 76. Na7
{[%clk 0:05:51]} Qc7 {[%clk 0:05:08]} 77. Qa8 {[%clk 0:05:48]} Kd7
{[%clk 0:04:44]} 78. Kc2 {[%clk 0:03:12]} Qd8 {[%clk 0:03:41]} 79. Qb7+
{[%clk 0:03:18]} Qc7 {[%clk 0:04:04]} 80. Qa8 {[%clk 0:03:47]} Qd8
{[%clk 0:04:33]} 81. Qc6+ {[%clk 0:03:36]} Ke7 {[%clk 0:05:01]} 82. Qa6
{[%clk 0:03:28]} Kf8 {[%clk 0:04:53]} 83. Nb5 {[%clk 0:03:51]} Ke7
{[%clk 0:05:05]} 84. Qb7+ {[%clk 0:03:36]} Kf8 {[%clk 0:05:13]} 85. Kd3
{[%clk 0:03:47]} Qa5 {[%clk 0:04:22]} 86. Qa7 {[%clk 0:01:30]} Qxa7
{[%clk 0:04:50]} 87. Nxa7 {[%clk 0:01:54]} Ke7 {[%clk 0:05:11]} 88. Nb5
{[%clk 0:01:52]} 1/2-1/2

[Event "World Team Chess Championship"]
[Site "Khanty-Mansiysk, RUS."]
[Date "2017.06.24"]
[Round "7.10"]
[White "Adhiban B. (IND)"]
[Black "Korobov Anton (UKR)"]
[Result "1-0"]
[BlackElo "2711"]
[WhiteElo "2670"]
[LiveChessVersion "1.4.8"]

1. e4 {[%clk 1:30:53]} e6 {[%clk 1:30:47]} 2. d4 {[%clk 1:31:19]} d5
{[%clk 1:31:10]} 3. Nc3 {[%clk 1:31:45]} Nf6 {[%clk 1:31:30]} 4. e5
{[%clk 1:32:11]} Nfd7 {[%clk 1:31:50]} 5. f4 {[%clk 1:32:39]} c5 {[%clk 1:32:10]}
6. Nf3 {[%clk 1:33:06]} Nc6 {[%clk 1:32:27]} 7. Be3 {[%clk 1:33:33]} Be7
{[%clk 1:32:48]} 8. Qd2 {[%clk 1:33:55]} O-O {[%clk 1:33:02]} 9. dxc5
{[%clk 1:32:10]} Nxc5 {[%clk 1:32:15]} 10. O-O-O {[%clk 1:32:25]} Qa5
{[%clk 1:25:26]} 11. Kb1 {[%clk 1:24:47]} Rd8 {[%clk 1:24:24]} 12. Nd4
{[%clk 1:20:48]} Bf8 {[%clk 1:24:13]} 13. g4 {[%clk 1:06:17]} Bd7
{[%clk 1:17:19]} 14. h4 {[%clk 0:50:17]} Rab8 {[%clk 1:13:35]} 15. Nce2
{[%clk 0:43:55]} Qxd2 {[%clk 1:04:41]} 16. Rxd2 {[%clk 0:44:21]} Ne4
{[%clk 1:04:43]} 17. Rd1 {[%clk 0:44:42]} Nxd4 {[%clk 1:04:25]} 18. Bxd4
{[%clk 0:42:07]} b6 {[%clk 1:02:54]} 19. Bg2 {[%clk 0:40:25]} Bb5
{[%clk 0:57:45]} 20. Rhe1 {[%clk 0:39:52]} Bb4 {[%clk 0:54:17]} 21. c3
{[%clk 0:39:42]} Be7 {[%clk 0:52:53]} 22. Bxe4 {[%clk 0:39:13]} dxe4
{[%clk 0:53:16]} 23. g5 {[%clk 0:39:36]} Bd3+ {[%clk 0:49:36]} 24. Kc1
{[%clk 0:39:43]} h5 {[%clk 0:32:48]} 25. Kd2 {[%clk 0:33:09]} Bc5
{[%clk 0:27:07]} 26. Ke3 {[%clk 0:32:03]} Rbc8 {[%clk 0:25:15]} 27. Bxc5
{[%clk 0:31:11]} Rxc5 {[%clk 0:25:43]} 28. Ng3 {[%clk 0:29:14]} Rcd5
{[%clk 0:26:07]} 29. Nxh5 {[%clk 0:28:59]} Bc4 {[%clk 0:24:53]} 30. Rd4
{[%clk 0:27:36]} Bxa2 {[%clk 0:23:45]} 31. Ra1 {[%clk 0:27:43]} Rxd4
{[%clk 0:22:11]} 32. cxd4 {[%clk 0:28:09]} Bd5 {[%clk 0:19:03]} 33. Rxa7
{[%clk 0:28:28]} g6 {[%clk 0:18:58]} 34. Rd7 {[%clk 0:27:20]} 1-0

[Event "World Team Chess Championship"]
[Site "Khanty-Mansiysk, RUS."]
[Date "2017.06.24"]
[Round "7.11"]
[White "Areshchenko Alexander (UKR)"]
[Black "Sasikiran Krishnan (IND)"]
[Result "1/2-1/2"]
[BlackElo "2669"]
[WhiteElo "2649"]
[LiveChessVersion "1.4.8"]

1. e4 {[%clk 1:30:57]} e5 {[%clk 1:30:49]} 2. Nf3 {[%clk 1:31:22]} Nc6
{[%clk 1:31:07]} 3. Bb5 {[%clk 1:31:49]} a6 {[%clk 1:31:22]} 4. Ba4
{[%clk 1:32:15]} Nf6 {[%clk 1:31:43]} 5. O-O {[%clk 1:32:38]} Be7
{[%clk 1:32:03]} 6. Re1 {[%clk 1:32:59]} b5 {[%clk 1:32:24]} 7. Bb3
{[%clk 1:33:24]} O-O {[%clk 1:32:42]} 8. c3 {[%clk 1:33:46]} d5 {[%clk 1:33:04]}
9. exd5 {[%clk 1:33:45]} Nxd5 {[%clk 1:33:23]} 10. Nxe5 {[%clk 1:33:42]} Nxe5
{[%clk 1:33:41]} 11. Rxe5 {[%clk 1:34:04]} c6 {[%clk 1:33:51]} 12. d3
{[%clk 1:33:34]} Bd6 {[%clk 1:32:32]} 13. Re1 {[%clk 1:33:47]} Bf5
{[%clk 1:31:49]} 14. Qf3 {[%clk 1:31:26]} Qf6 {[%clk 1:31:53]} 15. Nd2
{[%clk 1:21:18]} Qg6 {[%clk 1:32:07]} 16. Bd1 {[%clk 1:19:28]} Bxd3
{[%clk 1:31:55]} 17. Ne4 {[%clk 1:19:18]} Bxe4 {[%clk 1:31:38]} 18. Qxe4
{[%clk 1:11:41]} Qxe4 {[%clk 1:31:28]} 19. Rxe4 {[%clk 1:12:08]} Rae8
{[%clk 1:31:31]} 20. Rxe8 {[%clk 1:09:27]} Rxe8 {[%clk 1:31:54]} 21. Kf1
{[%clk 1:09:51]} Be5 {[%clk 1:31:52]} 22. Rb1 {[%clk 0:54:42]} Rd8
{[%clk 1:31:16]} 23. Bd2 {[%clk 0:44:39]} Nb6 {[%clk 1:22:42]} 24. Be1
{[%clk 0:40:44]} Nc4 {[%clk 1:21:33]} 25. Bf3 {[%clk 0:36:03]} c5
{[%clk 1:17:00]} 26. Be2 {[%clk 0:27:20]} Nd2+ {[%clk 1:16:36]} 1/2-1/2

[Event "World Team Chess Championship"]
[Site "Khanty-Mansiysk, RUS."]
[Date "2017.06.24"]
[Round "7.12"]
[White "Negi Parimarjan (IND)"]
[Black "Moiseenko Alexander (UKR)"]
[Result "1/2-1/2"]
[BlackElo "2677"]
[WhiteElo "2670"]
[LiveChessVersion "1.4.8"]

1. e4 {[%clk 1:30:43]} c5 {[%clk 1:30:55]} 2. Nf3 {[%clk 1:30:54]} Nc6
{[%clk 1:31:18]} 3. Nc3 {[%clk 1:30:34]} e5 {[%clk 1:30:44]} 4. Bc4
{[%clk 1:28:58]} Be7 {[%clk 1:30:47]} 5. d3 {[%clk 1:29:25]} Nf6 {[%clk 1:30:15]}
6. Nd2 {[%clk 1:29:49]} d6 {[%clk 1:29:07]} 7. Nf1 {[%clk 1:25:03]} O-O
{[%clk 1:26:37]} 8. Ne3 {[%clk 1:24:52]} Nd7 {[%clk 1:27:01]} 9. a3
{[%clk 1:21:59]} Nb6 {[%clk 1:23:20]} 10. Ba2 {[%clk 1:22:14]} Bg5
{[%clk 1:22:48]} 11. O-O {[%clk 1:22:18]} Be6 {[%clk 1:18:31]} 12. g3
{[%clk 1:08:30]} Bxe3 {[%clk 1:13:34]} 13. Bxe3 {[%clk 1:08:05]} Bxa2
{[%clk 1:13:50]} 14. Rxa2 {[%clk 1:04:57]} Qd7 {[%clk 1:10:18]} 15. b4
{[%clk 0:44:11]} cxb4 {[%clk 0:52:07]} 16. axb4 {[%clk 0:44:39]} Nxb4
{[%clk 0:52:26]} 17. Rb2 {[%clk 0:44:47]} Rfc8 {[%clk 0:48:36]} 18. Qd2
{[%clk 0:43:07]} Qc6 {[%clk 0:47:16]} 19. Ne2 {[%clk 0:40:05]} Na6
{[%clk 0:46:35]} 20. Bxb6 {[%clk 0:39:54]} axb6 {[%clk 0:47:01]} 21. c4
{[%clk 0:39:35]} Nc7 {[%clk 0:41:12]} 22. Nc3 {[%clk 0:37:17]} Qc5
{[%clk 0:30:50]} 23. Rfb1 {[%clk 0:36:34]} Ra6 {[%clk 0:31:14]} 24. Rb4
{[%clk 0:27:33]} Rca8 {[%clk 0:30:35]} 25. Kg2 {[%clk 0:24:30]} h6
{[%clk 0:29:43]} 26. R1b3 {[%clk 0:17:57]} Kh7 {[%clk 0:25:58]} 27. Qb2
{[%clk 0:16:09]} Ne6 {[%clk 0:23:44]} 28. Rxb6 {[%clk 0:15:48]} Qc8
{[%clk 0:20:52]} 29. Rxa6 {[%clk 0:15:09]} bxa6 {[%clk 0:21:00]} 30. Nd5
{[%clk 0:11:58]} Nc5 {[%clk 0:19:52]} 31. Rb6 {[%clk 0:07:35]} Qd7
{[%clk 0:17:38]} 32. d4 {[%clk 0:05:52]} Na4 {[%clk 0:14:05]} 33. Qa3
{[%clk 0:06:13]} Nxb6 {[%clk 0:12:38]} 34. Nxb6 {[%clk 0:06:42]} Qc6
{[%clk 0:12:49]} 35. Nxa8 {[%clk 0:07:09]} exd4 36. f3 {[%clk 0:05:56]} Qxc4
{[%clk 0:08:54]} 37. Nb6 {[%clk 0:01:39]} Qc2+ {[%clk 0:08:17]} 38. Kh3 d3
{[%clk 0:08:41]} 39. Nd5 {[%clk 0:00:39]} d2 {[%clk 0:02:35]} 40. Ne3
{[%clk 0:31:06]} d1=Q {[%clk 0:31:49]} 41. Nxc2 {[%clk 0:31:18]} Qxc2
{[%clk 0:32:11]} 42. Qxa6 {[%clk 0:31:24]} d5 {[%clk 0:28:23]} 43. exd5
{[%clk 0:31:31]} Qf5+ {[%clk 0:28:48]} 44. Kg2 {[%clk 0:31:53]} Qxd5
{[%clk 0:29:09]} 1/2-1/2

[Event "World Team Chess Championship"]
[Site "Khanty-Mansiysk, RUS."]
[Date "2017.06.24"]
[Round "7.14"]
[White "Yu Yangyi (CHN)"]
[Black "Vitiugov Nikita (RUS)"]
[Result "1/2-1/2"]
[BlackElo "2720"]
[WhiteElo "2749"]
[LiveChessVersion "1.4.8"]

1. e4 {[%clk 1:30:54]} e6 {[%clk 1:30:31]} 2. d4 {[%clk 1:30:58]} d5
{[%clk 1:30:56]} 3. Nc3 {[%clk 1:29:09]} Nf6 {[%clk 1:31:00]} 4. e5
{[%clk 1:28:50]} Nfd7 {[%clk 1:31:23]} 5. f4 {[%clk 1:29:05]} c5 {[%clk 1:31:47]}
6. Nf3 {[%clk 1:29:25]} Nc6 {[%clk 1:31:49]} 7. Be3 {[%clk 1:29:32]} a6
{[%clk 1:31:27]} 8. Qd2 {[%clk 1:26:49]} b5 {[%clk 1:31:25]} 9. dxc5
{[%clk 1:25:58]} Bxc5 {[%clk 1:31:34]} 10. Bd3 {[%clk 1:26:07]} Qb6
{[%clk 1:31:16]} 11. Bf2 {[%clk 1:25:49]} h6 {[%clk 1:25:59]} 12. O-O
{[%clk 1:25:45]} O-O {[%clk 1:24:25]} 13. Rae1 {[%clk 1:24:31]} Ra7
{[%clk 1:19:52]} 14. f5 {[%clk 0:56:32]} Bxf2+ {[%clk 1:12:29]} 15. Rxf2
{[%clk 0:52:45]} d4 {[%clk 1:04:42]} 16. Ne4 {[%clk 0:46:12]} exf5
{[%clk 1:02:12]} 17. Ng3 {[%clk 0:43:37]} f6 {[%clk 0:54:49]} 18. e6
{[%clk 0:34:27]} Nde5 {[%clk 0:51:47]} 19. Bxf5 {[%clk 0:34:22]} Re7
{[%clk 0:38:20]} 20. Nxe5 {[%clk 0:30:16]} Nxe5 {[%clk 0:37:44]} 21. Rxe5
{[%clk 0:27:55]} fxe5 {[%clk 0:38:01]} 22. Bh7+ {[%clk 0:28:11]} Kxh7
{[%clk 0:38:25]} 23. Rxf8 {[%clk 0:28:36]} Qxe6 {[%clk 0:34:52]} 24. Qd3+
{[%clk 0:27:03]} e4 {[%clk 0:27:13]} 25. Nxe4 {[%clk 0:18:01]} Qxe4
{[%clk 0:27:24]} 26. Qxe4+ {[%clk 0:18:27]} Rxe4 {[%clk 0:27:51]} 27. Rxc8
{[%clk 0:18:49]} Re1+ {[%clk 0:23:57]} 28. Kf2 {[%clk 0:19:13]} Ra1
{[%clk 0:23:52]} 29. Ke2 {[%clk 0:18:39]} Rxa2 {[%clk 0:24:10]} 30. b3
{[%clk 0:19:05]} Ra1 {[%clk 0:23:22]} 31. Rc6 {[%clk 0:19:00]} h5
{[%clk 0:15:51]} 32. h4 {[%clk 0:17:45]} g6 {[%clk 0:10:27]} 33. g3
{[%clk 0:15:16]} Kh6 {[%clk 0:08:51]} 34. Kf3 {[%clk 0:12:24]} a5
{[%clk 0:05:05]} 35. Rc5 {[%clk 0:07:41]} a4 {[%clk 0:03:28]} 36. Rxb5
{[%clk 0:03:59]} a3 {[%clk 0:03:54]} 37. Ra5 {[%clk 0:04:23]} a2 {[%clk 0:02:03]}
38. Ke2 {[%clk 0:03:22]} Kg7 {[%clk 0:01:08]} 39. Ra6 {[%clk 0:03:26]} Kf7
{[%clk 0:00:47]} 40. b4 {[%clk 0:33:40]} Ke7 {[%clk 0:30:43]} 41. b5
{[%clk 0:33:32]} Kd7 {[%clk 0:27:12]} 42. Kd2 {[%clk 0:33:44]} Kc7
{[%clk 0:26:48]} 43. Ke2 {[%clk 0:33:44]} Kb7 {[%clk 0:19:42]} 44. Kd2
{[%clk 0:34:08]} d3 {[%clk 0:18:39]} 45. Kc3 {[%clk 0:34:25]} dxc2
{[%clk 0:16:14]} 46. Kxc2 {[%clk 0:34:47]} Rg1 {[%clk 0:15:37]} 47. Rxa2
{[%clk 0:34:29]} Rg2+ {[%clk 0:15:50]} 48. Kb1 {[%clk 0:34:04]} Rxg3
{[%clk 0:15:06]} 49. Ra6 {[%clk 0:34:15]} g5 {[%clk 0:14:49]} 50. hxg5
{[%clk 0:34:30]} Rxg5 {[%clk 0:15:16]} 51. Rh6 {[%clk 0:34:44]} Rxb5+
{[%clk 0:15:40]} 52. Kc2 {[%clk 0:35:09]} Rd5 {[%clk 0:15:49]} 53. Kc3
{[%clk 0:35:26]} Kc7 {[%clk 0:16:14]} 54. Kc4 {[%clk 0:35:51]} Ra5
{[%clk 0:16:33]} 55. Kd4 {[%clk 0:36:05]} Kd7 {[%clk 0:16:52]} 56. Ke4
{[%clk 0:36:30]} 1/2-1/2